| 000 | 00479nam a2200169 4500 | ||
|---|---|---|---|
| 001 | 122456 | ||
| 003 | ES-MaACL | ||
| 005 | 20231226211014.0 | ||
| 007 | t| | ||
| 008 | 070214n19301936sp r ||||1| spa d | ||
| 100 | 1 |
_aPrimo de Rivera, José Antonio, _d1903-1936 _9142533 |
|
| 245 | 1 | 0 | _a3 discursos de José Antonio. |
| 260 |
_a[S. l. : _bs. n., _c193_?] ( _fGráf. Laborde) |
||
| 300 |
_a32 p. ; _c21 cm. |
||
| 852 |
_aES-MaACL _j1834-F-25 _bR.18398 |
||
| 999 |
_c122456 _d122456 |
||